000 00431pab a2200169 454500
008 180718b2012 xxu||||| |||| 00| 0 eng d
100 _aKishore, Meena
245 _aPsychological aspect of women empowerment and information technology
260 _c2012
300 _ap.133-138.
362 _aJul-Dec
650 _aInformation technology
650 _aWomen
773 _aReview of Politics
908 _aN
909 _a98342
999 _c98341
_d98341